| 000 | 04365cam a22005174i 4500 | ||
|---|---|---|---|
| 003 | PE-LiUPU | ||
| 005 | 20250731172835.0 | ||
| 008 | 150827s2013 miu rb 001 0 eng d | ||
| 020 |
_a9780802827395 _q(v. 1 : cloth : alk. paper) |
||
| 035 | _a(Sirsi) i9780802827395 | ||
| 040 |
_aDLC _bspa _erda _cDLC _dDLC _dPE-LiUPU _erda |
||
| 049 | _aPRUA | ||
| 050 | 0 | 0 |
_aBS1692 _b2013 |
| 082 | 0 | 4 |
_a229.91052 _bB46 _223 |
| 130 | 0 |
_aBible. _pApocrypha. _lEnglish. _f2013. |
|
| 245 | 1 | 0 |
_aOld Testament pseudepigrapha : _bmore noncanonical scriptures / _cedited by Richard Bauckham, James R. Davila, Alexander Panayotov. |
| 264 | 1 |
_aGrand Rapids, Michigan : _bWilliam B. Eerdmans Publishing Company, _c2013. |
|
| 300 |
_a2 volúmenes ; _c25 centímetros |
||
| 336 |
_atext _2rdacontent |
||
| 337 |
_aunmediated _2rdamedia |
||
| 338 |
_avolume _2rdacarrier |
||
| 504 | _aIncluye referencias bibliográficas e índice. | ||
| 505 | 0 | 0 |
_gVolumen 1. _tPART I : TEXTS ORDERED ACCORDING TO BIBLICAL CHRONOLOGY -- Adam Octopartite/Septipartite / Grant Macaskill with Eamon Greenwood -- The life of Adam and Eve (Coptic fragments) / Simon J. Gathercole -- The book of the covenant / Janes VanderKam -- The Apocryphon of Seth / Alexander Toepel -- The book of Noah / Martha Himmelfarb -- The Apocryphon of Eber / James VanderKam -- The dispute over Abraham / Richard Bauckham -- The inquiry of Abraham (a possible allusion to the Apocalypse of Abraham) / Richard Bauckham -- The story of Melchizedek with the Melchizedek legend from the Chronicon paschale / Pierluigi Piovanelli -- The Syriac history of Joseph / Kristian S. Heal -- Aramaic Levi / James R. Davila -- Midrash Vayissa'u / Martha Himmelfarb -- The testament of Job (Coptic fragments) / Gesa Schenke -- The Tiburtine Sibyl (Greek) / Riuwerd Buitenwerf -- The eighth book of Moses / Todd E. Klutz -- The Balaam text from Tell Deir 'Alla / Edward M. Cook -- Eldad and Modad / Richard Bauckham -- Songs of David / G.W. Lorein and E. Van Staalduine-Sulman -- The Aramaic song of the lamb (the dialogue between David and Goliath) / C.T.R. Hayward -- Exorcistic Psalms of David and Solomon / Gideon Bohak -- The selenodromion of David and Solomon / Pablo A. Torijiano -- The hydromancy of Solomon / Pablo A. Torijiano -- Questions of the Queen of Sheba and answers by King Solomon / Vahan S. Hovhanessian and Sebastian P. Brock -- The nine and a half tribes / Richard Bauckham -- The heartless rich man and the precious stone / William Adler -- Jeremiah's prophecy to Pashhur / Darrell D. Hannah -- The Apocryphon of Ezekiel / Benjamin G. Wright III -- The treatise of the vessels (Massekhet Kelim) / James R. Davila -- The seventh vision of Daniel / Sergio La Porta -- A Danielic pseudepigraphon paraphrased by Papias / Basil Lourie -- The relics of Zechariah and the boy buried at his feet / William Adler -- Sefer Zerubbabel : the prophetic vision of Zerubbabel ben Shealtiel / John C. Reeves -- Fifth Ezra / Theodore A. Bergren -- Sixth Ezra / Theodore A. Bergren -- The Latin vision of Ezra / Richard Bauckham. PART II : THEMATIC TEXTS -- The caves of treasures / Alexander Toepel -- Palaea historica ("the Old Testament history") / William Adler -- Quotations from lost books in the Hebrew bible / James R. Davila -- Hebrew visions of hell and paradise / Helen Spurling. |
| 526 | _aSEG42 | ||
| 526 | _aSEG41 | ||
| 526 | _aSEG40 | ||
| 526 | _aSEG39 | ||
| 526 | _aP94 | ||
| 526 | _aP87 | ||
| 526 | _aP86 | ||
| 526 | _aP85 | ||
| 526 | _aP77 | ||
| 526 | _aP76 | ||
| 526 | _aP35 | ||
| 650 | 0 | _aLibros apócrifos (Antiguo Testamento). | |
| 700 | 1 |
_aBauckham, Richard, _eeditor. |
|
| 700 | 1 |
_aDavila, James R., _d1960- , _eeditor. |
|
| 700 | 1 |
_aPanayotov, Alexander, _eeditor. |
|
| 910 |
_ardg _bjck _crdg _d20150827 |
||
| 942 |
_2ddc _cBOOK |
||
| 949 |
_aPGT 229.91052 B46 _wDEWEY _c1 _i71964 _lCCODEBUL1 _mBUL _p55.00 _r0 _sY _tBOOK _u2015-8-26 _xTEOLOGIA _PP85 _0COMPRA _o.CIRCNOTE. No olvidar cambiar la fecha de devolución!!!!!!! _o.STAFF. Posgrado |
||
| 994 |
_aC0 _bPEPRU |
||
| 596 | _a1 | ||
| 999 |
_aPGT 229.91052 B46 _wDEWEY _c6945 _i71964 _d6945 _f2021-11-9 _g5 _lCCODEBUL1 _mBUL _p55.00 _q3 _r0 _sY _tBOOK _u2015-8-26 _xTEOLOGIA _PP85 _0COMPRA _o.CIRCNOTE. No olvidar cambiar la fecha de devolución!!!!!!! _o.STAFF. Posgrado |
||
| 980 |
_81 _gALBERTO SANCHEZ Responsable de Automatización |
||